| 000 | 00728nam a22002177a 4500 | ||
|---|---|---|---|
| 001 | 860 | ||
| 003 | UA-OsUOA | ||
| 005 | 20231003153500.0 | ||
| 007 | ta | ||
| 008 | 20050706b un ||||| |||| 00| 0 ukr d | ||
| 040 |
_aUA-OsUOA _bukr _cUA-OsUOA _dUA-OsUOA |
||
| 041 | _aukr | ||
| 080 | _a82.09 | ||
| 090 | _a82.09 | ||
| 245 |
_aСлово про великого Каменяра _cза ред. Білецького О. _bзбірник статей до 100- ліття з дня народження Івана Франка |
||
| 260 |
_aК. _bДерж. вид-во худ. л-ри _c1956 |
||
| 300 | _a593 с. | ||
| 650 | 7 |
_a82 Література. Літературознавство _2UDC |
|
| 942 |
_cBK _2udc |
||
| 955 | _a1 | ||
| 999 |
_c287036 _d287036 |
||